00723cam a22002291 4500001001300000003000400013005001700017008004100034010001700075035001900092040003200111042001200143050002300155100003300178245011600211250001400327260005500341300001900396504002700415650003400442999001700476sa 64000301 DLC20260227111955.0790305s1956 pk b 000 0 eng  asa 64000301  a(OCoLC)4711194 aDLCcIEdSdIEdSdOCoLCdDLC apremarc00aKPL1750b.N39 19561 aNewman, Karl J.q(Karl John)00aEssays on the Constitution of Pakistan,bincluding the draft and final constitutions of Pakistan with comments. a[1st ed.] aDacca,bPakistan Co-operative Book Societyc[1956] a395 p.c23 cm. aIncludes bibliography. 0aConstitutional lawzPakistan. c56142d56142